000 00272nam a22001337a 4500
020 _a81-86530-88-6
041 _aENG
100 _aAtre Acharya
245 _aMee Kasa Jhalo
250 _a13 Edition
260 _aMumbai
_bparchure
_c2007
300 _a454
650 _amarahi
999 _c3277
_d3277